One-parameter semigroups for linear evolution equations / (Record no. 30337)
[ view plain ]
| 000 -LEADER | |
|---|---|
| fixed length control field | 01129 a2200325 4500 |
| 020 ## - INTERNATIONAL STANDARD BOOK NUMBER | |
| International Standard Book Number | 0387984631 |
| 020 ## - INTERNATIONAL STANDARD BOOK NUMBER | |
| International Standard Book Number | 9780387984636 |
| 082 ## - DEWEY DECIMAL CLASSIFICATION NUMBER | |
| Classification number | 515.353 |
| 090 ## - LOCALLY ASSIGNED LC-TYPE CALL NUMBER (OCLC); LOCAL CALL NUMBER (RLIN) | |
| -- | 1730 |
| -- | 1730 |
| 100 1# - MAIN ENTRY--PERSONAL NAME | |
| Personal name | Engel, Klaus-Jochen. |
| 245 10 - TITLE STATEMENT | |
| Title | One-parameter semigroups for linear evolution equations / |
| Statement of responsibility, etc. | Klaus-Jochen Engel, Rainer Nagel, S. Brendle, M. Campiti, T. Hahn, G. Metafune, G. Nickel, D. Pallara, C. Perazzoli, A. Rhandi, S. Romanelli, R. Schnaubelt. |
| 250 ## - EDITION STATEMENT | |
| Edition statement | 2000th ed. |
| 260 ## - PUBLICATION, DISTRIBUTION, ETC. | |
| Place of publication, distribution, etc. | [S.l.] : |
| Name of publisher, distributor, etc. | Springer, |
| Date of publication, distribution, etc. | 1999. |
| 300 ## - PHYSICAL DESCRIPTION | |
| Extent | 589 p. ; |
| Dimensions | 24 cm. |
| 490 1# - SERIES STATEMENT | |
| Series statement | Graduate texts in mathematics. |
| 700 1# - ADDED ENTRY--PERSONAL NAME | |
| Personal name | Nagel, Rainer. |
| 700 1# - ADDED ENTRY--PERSONAL NAME | |
| Personal name | Brendle, S. |
| 700 1# - ADDED ENTRY--PERSONAL NAME | |
| Personal name | Campiti, M. |
| 700 1# - ADDED ENTRY--PERSONAL NAME | |
| Personal name | Hahn, T. |
| 700 1# - ADDED ENTRY--PERSONAL NAME | |
| Personal name | Metafune, G. |
| 700 1# - ADDED ENTRY--PERSONAL NAME | |
| Personal name | Nickel, G. |
| 700 1# - ADDED ENTRY--PERSONAL NAME | |
| Personal name | Pallara, D. |
| 700 1# - ADDED ENTRY--PERSONAL NAME | |
| Personal name | Perazzoli, C. |
| 700 1# - ADDED ENTRY--PERSONAL NAME | |
| Personal name | Rhandi, A. |
| 700 1# - ADDED ENTRY--PERSONAL NAME | |
| Personal name | Romanelli, S. |
| 700 1# - ADDED ENTRY--PERSONAL NAME | |
| Personal name | Schnaubelt, R. |
| 830 #0 - SERIES ADDED ENTRY--UNIFORM TITLE | |
| Uniform title | Graduate texts in mathematics. |
| 942 ## - ADDED ENTRY ELEMENTS (KOHA) | |
| Institution code [OBSOLETE] | SNS |
| Koha item type | Book |
| Call number prefix | 515.353 ENG |
| Withdrawn status | Lost status | Damaged status | Not for loan | Permanent Location | Current Location | Date acquired | Total Checkouts | Full call number | Barcode | Date last seen | Date last checked out | Price effective from | Koha item type |
|---|---|---|---|---|---|---|---|---|---|---|---|---|---|
| School of Natural Sciences (SNS) | School of Natural Sciences (SNS) | 05/26/2016 | 1 | 515.353 ENG | SNS0002050 | 06/03/2016 | 06/03/2016 | 05/26/2016 | Book |
